| 000 | 00528nam a2200169Ia 4500 | ||
|---|---|---|---|
| 008 | 220216s9999 xx 000 0 und d | ||
| 100 | _aMustafee T P | ||
| 245 | 0 | _aFungicidal management of diseases in plantation crops and spices | |
| 260 | _bDiseases of Plantations Crops, Spices, Betelvine and Mulberry. Edited by Dasgupta. M K. p.22-27 | ||
| 500 | _aSource Year: 2001 | ||
| 650 | _aFungicidal management | ||
| 650 | _aPlantation crops | ||
| 650 | _aRubber | ||
| 650 | _aSpices | ||
| 856 | _uRPP.80(11) | ||
| 942 | _cJS | ||
| 999 |
_c59656 _d59656 |
||